Kódex Schengenských hraníc

Problematika kontrol na vonkajších a vnútorných hraniciach Európskej únie obsiahnutá v nariadení Európskeho parlamentu a Rady, ktorým sa ustanovuje tzv. Kódex Schengenských hraníc. Nariadenie umožňuje, aby sa nevykonávala hraničná kontrola osôb, ktoré prekračujú vnútorné hranice medzi členskými štát...

Descrizione completa

Salvato in:
Dettagli Bibliografici
Autore principale: Hurná, Lucia, 1978-
Natura: Capitolo di libro
Lingua:slovacco
Soggetti:
Tags: Aggiungi Tag
Nessun Tag, puoi essere il primo ad aggiungerne!!

MARC

LEADER 00000naa$a2200000$$$4500
001 0056411
005 20240502071636.0
041 0 |a slo 
044 |a SK 
245 1 0 |a Kódex Schengenských hraníc  |c Lucia Hurná 
520 |a Problematika kontrol na vonkajších a vnútorných hraniciach Európskej únie obsiahnutá v nariadení Európskeho parlamentu a Rady, ktorým sa ustanovuje tzv. Kódex Schengenských hraníc. Nariadenie umožňuje, aby sa nevykonávala hraničná kontrola osôb, ktoré prekračujú vnútorné hranice medzi členskými štátmi EÚ. Stanovené sú pravidlá, ktorými sa upravuje hraničná kontrola osôb prekračujúcich vonkajšie hranice členských štátov EÚ. Minimálne a dôkladné kontroly. Kritériá pre odopretie vstupu štátnemu príslušníkovi tretej krajiny. 
610 2 0 |a Európska únia 
610 2 0 |a spolupráca medzinárodná 
610 2 0 |a právo medzinárodné 
610 2 0 |a štát 
610 2 0 |a hranice štátne 
610 2 0 |a kontrola 
610 2 0 |a dohody medzinárodné 
100 1 |a Hurná, Lucia, 1978-